[Event "Parsvnath ch-Commonwealth"]
[Site "New Delhi IND"]
[Date "2007.12.07"]
[Round "7"]
[White "Reefat,S"]
[Black "Dilip,D"]
[Result "1-0"]
[WhiteElo "2482"]
[BlackElo "2102"]

1.e4 c5 2.Nf3 Nc6 3.Nc3 e6 4.d4 cxd4 5.Nxd4 Nf6 6.Nxc6 bxc6 7.e5 Nd5 8.Ne4 Qc7
9.f4 c5 10.c4 Nb4 11.g3 Bb7 12.Bg2 Rb8 13.O-O Be7 14.Be3 O-O 15.Rf2 Bxe4
16.Bxe4 f5 17.exf6 Bxf6 18.Qh5 g6 19.Qxc5 Rfc8 20.Qxc7 Rxc7 21.c5 Na6 22.Rc1 Rxb2
23.Rxb2 Bxb2 24.Rc2 Ba3 25.c6 d5 26.Bd3 Nb4 27.Rc3 Bb2 28.Rb3 Nxd3 29.Rb8+ Kf7
30.Rb7 Re7 31.c7 Rxc7 32.Rxc7+ Kf6 33.Bxa7 h6 34.a4 Kf5 35.a5 d4 36.Rb7 Bc3
37.a6 Nb4 38.Rxb4 Bxb4 39.Bxd4  1-0

[Event "Parsvnath ch-Commonwealth"]
[Site "New Delhi IND"]
[Date "2007.12.07"]
[Round "7"]
[White "Hapuarachchi,H"]
[Black "Fenil,S"]
[Result "0-1"]
[WhiteElo "1922"]
[BlackElo "2124"]

1.e4 c5 2.Nf3 e6 3.d4 cxd4 4.Nxd4 Nc6 5.Nc3 Qc7 6.Ndb5 Qb8 7.a4 a6 8.Na3 Nf6
9.Be3 Bb4 10.Bd3 d5 11.Bd2 O-O 12.O-O Rd8 13.Re1 Bd6 14.h3 Be5 15.Qc1 Qa7
16.Bf4 Bd4 17.Re2 Qc5 18.Nab1 dxe4 19.Nxe4 Nxe4 20.Bxe4 f5 21.Bf3 Bf6 22.Be3 Nd4
23.Rd2 Nxf3+ 24.gxf3 Qc7 25.Rxd8+ Qxd8 26.a5 e5 27.f4 exf4 28.Bxf4 g5 29.Bd2 f4
30.h4 Qd7 31.Qf1 Qg4+ 32.Qg2 Qxh4 33.Bc3 Bxc3 34.Nxc3 Qg4 35.Qxg4 Bxg4 36.Nd5 Bf3
37.Nb6 Re8 38.Kf1 Re6 39.Ra3 g4 40.Ra4 Rd6 41.Ra1 Rh6  0-1

[Event "ch-Marshall CC"]
[Site "New York USA"]
[Date "2007.12.07"]
[Round "1"]
[White "Kudrin,S"]
[Black "Zenyuk,I"]
[Result "1-0"]
[WhiteElo "2563"]
[BlackElo "2192"]

1.e4 c5 2.Nf3 e6 3.d4 cxd4 4.Nxd4 Nc6 5.Nc3 Qc7 6.g3 a6 7.Bg2 d6 8.O-O Bd7
9.Nxc6 Bxc6 10.a4 Nf6 11.a5 Be7 12.Be3 Rc8 13.Re1 O-O 14.Bb6 Qd7 15.Qd4 Bd8
16.Rad1 Bxb6 17.Qxb6 Rfd8 18.Rd2 Qc7 19.Qb4 Rd7 20.Red1 Rcd8 21.Na4 Bxa4
22.Qxa4 h6 23.h3 d5 24.exd5 Nxd5 25.c4 Nf6 26.Rxd7 Rxd7 27.Rxd7 Nxd7 28.b4 b6
29.axb6 Nxb6 30.Qe8+ Kh7 31.c5 Nc4 32.Qc6 Qxc6 33.Bxc6 a5 34.Bb5  1-0

[Event "Parsvnath ch-Commonwealth"]
[Site "New Delhi IND"]
[Date "2007.12.08"]
[Round "8"]
[White "Mas,H"]
[Black "Joshi,GB"]
[Result "1-0"]
[WhiteElo "2372"]
[BlackElo "2246"]

1.e4 c5 2.Nf3 e6 3.d4 cxd4 4.Nxd4 Nc6 5.Nc3 Qc7 6.Be2 a6 7.O-O Nf6 8.Be3 Bb4
9.Nxc6 bxc6 10.Qd4 Bd6 11.h3 O-O 12.f4 e5 13.Qd2 exf4 14.Bxf4 Bxf4 15.Rxf4 d6
16.Raf1 Qe7 17.Bd3 Nd7 18.Nd1 Ne5 19.Qe2 Be6 20.Ne3 a5 21.a4 Rab8 22.b3 Rb4
23.Qd2 Qg5 24.Kh2 h6 25.Be2 Ng6 26.R4f3 Qe5+ 27.Kh1 Nh4 28.R3f2 Rxe4 29.Nc4 Bxc4
30.Bxc4 Rd4 31.Qc3 Kh8 32.Bxf7 g6 33.Re1 Qg7 34.Qxa5 Nf5 35.Bc4 Ng3+ 36.Kg1 d5  1-0

[Event "Parsvnath ch-Commonwealth"]
[Site "New Delhi IND"]
[Date "2007.12.08"]
[Round "8"]
[White "Ganesh,Ba"]
[Black "Hegde,R1"]
[Result "0-1"]
[WhiteElo "2089"]
[BlackElo "2277"]

1.e4 c5 2.Nf3 e6 3.d4 cxd4 4.Nxd4 Nc6 5.Nc3 d6 6.Be2 Nf6 7.Bg5 a6 8.Qd2 Bd7
9.O-O-O b5 10.Qe3 h6 11.Bh4 Nxd4 12.Qxd4 e5 13.Qe3 Be6 14.Bg3 Be7 15.f4 b4
16.Nd5 Bxd5 17.exd5 e4 18.Be1 O-O 19.Bxb4 Qb8 20.Bc3 Rc8 21.Rd4 Qb7 22.Rhd1 Rc5
23.Rxe4 Nxe4 24.Qxe4 Rxc3 25.bxc3 Bf6 26.Kd2 Qd7 27.Bd3 g6 28.Rb1 Rc8 29.Rb3 Re8
30.Rb7 Qc8 31.Rc7 Qb8 32.Qa4 Qxc7 33.Qxe8+ Kg7 34.Qc6 Qa7 35.g3 Qf2+ 36.Kc1 Qxh2
37.Kb2 Qxg3 38.Qxd6 h5 39.Qb4 h4 40.d6 h3 41.Bxa6 h2 42.Bb7 Qe1 43.Qe4 Qxc3+
44.Kc1 Qa3+ 45.Kd1 Qxd6+ 46.Ke2 Bc3 47.Bd5 f5 48.Qd3 Bf6 49.Qc4 Qe7+ 50.Kf1 Qe3
51.Qc7+ Kh6 52.Qc6 Qxf4+ 53.Ke2 Bd4 54.Kd3 Ba7 55.Kc3 Bb8 56.Kb3 Bd6 57.c3 Be5
58.a4 Qc1 59.a5 Qb1+ 60.Kc4 Qa1 61.Kb5 Bxc3 62.a6 Qa5+ 63.Kc4 Qb4+ 64.Kd3 Qd4+
65.Kc2 Qd2+ 66.Kb3  0-1

[Event "Bundesliga 2007-8"]
[Site "Bindlach GER"]
[Date "2007.12.09"]
[Round "6"]
[White "Kraemer,Mart"]
[Black "Stellwagen,D"]
[Result "1-0"]
[WhiteElo "2436"]
[BlackElo "2639"]

1.e4 c5 2.Nf3 e6 3.d4 cxd4 4.Nxd4 Nc6 5.Nc3 Qc7 6.Be3 a6 7.Be2 Nf6 8.a3 Be7
9.f4 d6 10.Qd2 O-O 11.O-O-O Nd7 12.g4 b5 13.g5 Na5 14.Rhg1 Nb6 15.f5 Bd7
16.f6 Bd8 17.fxg7 Re8 18.Bh5 Nac4 19.Bxf7+ Kxf7 20.g6+ hxg6 21.Rdf1+ Kxg7
22.Rxg6+ Kxg6 23.Qg2+ Kh5 24.Qf3+  1-0

[Event "TCh-HUN 2007-8"]
[Site "Budapest HUN"]
[Date "2007.12.09"]
[Round "4"]
[White "Horvath,Ta1"]
[Black "Csonka,A1"]
[Result "1/2-1/2"]
[WhiteElo "2419"]
[BlackElo "2281"]

1.e4 c5 2.Nf3 e6 3.d4 cxd4 4.Nxd4 Nc6 5.Nc3 Qc7 6.Be3 a6 7.Be2 Nf6 8.O-O Bb4
9.Nxc6 Qxc6 10.Bf3 Bxc3 11.bxc3 e5 12.Rb1 b5 13.a4 O-O 14.Qd3 Bb7 15.Rb4 Rac8
16.Rfb1 Qxc3 17.axb5 Qxc2 18.Qa3 axb5 19.Rxb5 Bxe4 20.Rc1 Qd3 21.Qxd3 Rxc1+
22.Bxc1 Bxd3 23.Rxe5 Re8 24.Rxe8+ Nxe8 25.Ba3 Bc4 26.Bd1 f5 27.f3 Kf7 28.Kf2 Nc7
29.Ke3 Ke6 30.Bb2 Nd5+ 31.Kd4 Ba2 32.g3 g6 33.Be2 Nf6 34.Bc1 d6 35.Ba6 Bd5
36.Bc8+ Ke7 37.Ke3 Bc6 38.Ba6 Nd7 39.Bb2 Ne5 40.Bxe5 dxe5 41.f4 Kf6 42.h4 h6
43.Be2 g5 44.hxg5+ hxg5 45.fxe5+ Kxe5 46.Bd1 f4+ 47.gxf4+ gxf4+  1/2-1/2

[Event "Bundesliga 2007-8"]
[Site "Eppingen GER"]
[Date "2007.12.09"]
[Round "6"]
[White "Sokolov,And1"]
[Black "Potkin,V"]
[Result "1/2-1/2"]
[WhiteElo "2588"]
[BlackElo "2612"]

1.e4 c5 2.Nf3 e6 3.d4 cxd4 4.Nxd4 Nc6 5.Nc3 Qc7 6.Be2 Nf6 7.O-O Be7 8.Be3 O-O
9.f4 d6 10.Kh1 Nxd4 11.Qxd4 a6 12.a4 Bd7 13.e5 Ne8 14.Bf3 Bc6 15.Ne4 f5 16.exf6 Nxf6
17.Ng5 Bxf3 18.Rxf3 Qd7  1/2-1/2

[Event "Parsvnath ch-Commonwealth"]
[Site "New Delhi IND"]
[Date "2007.12.10"]
[Round "10"]
[White "Bhatt,V"]
[Black "Hegde,R1"]
[Result "1-0"]
[WhiteElo "2095"]
[BlackElo "2277"]

1.e4 c5 2.Nf3 e6 3.d4 cxd4 4.Nxd4 Nc6 5.Nc3 d6 6.Be2 Nf6 7.O-O Be7 8.Be3 O-O
9.f4 Bd7 10.Kh1 Nxd4 11.Bxd4 Bc6 12.Bf3 Nd7 13.f5 Bf6 14.Bxf6 Nxf6 15.Qd4 e5
16.Qd3 Qe7 17.g4 h6 18.Qe3 Rfe8 19.g5 hxg5 20.Qxg5 Nh7 21.Qg2 Ng5 22.Rg1 f6
23.Bh5 Rec8 24.h4 Nh7 25.Rad1 Rc7 26.Be2 Kh8 27.Bc4 Rd8 28.Be6 g5 29.h5 Qe8
30.Qg4 Nf8 31.Rg2 Rh7 32.Rh2 Rh6 33.Bd5 Qd7 34.Ne2 Qc7 35.c4 Nd7 36.Ng3 Nc5
37.Rhd2 Kg7 38.Qf3 a5 39.Qa3 Be8 40.Kg2 Kh7 41.Kf3 Qb6 42.Kg4 Ba4 43.Rb1 Qb4
44.Nf1 Be8  1-0

[Event "Parsvnath ch-Commonwealth"]
[Site "New Delhi IND"]
[Date "2007.12.10"]
[Round "10"]
[White "Prathamesh,S"]
[Black "Rohit,G"]
[Result "1/2-1/2"]
[WhiteElo "2371"]
[BlackElo "2491"]

1.e4 c5 2.Nf3 e6 3.d4 cxd4 4.Nxd4 Nc6 5.Nc3 Qc7 6.g3 a6 7.Bg2 Nge7 8.Nb3 d6
9.a4 g6 10.Be3 Bg7 11.a5 Ne5 12.Bb6 Qb8 13.Qe2 Nd7 14.Be3 O-O 15.O-O Qc7
16.Na4 Rb8 17.c3 Nc6 18.Nb6 Nxa5 19.Nxd7 Nxb3 20.Nxf8 Nxa1 21.Nxe6  1/2-1/2

[Event "Parsvnath ch-Commonwealth"]
[Site "New Delhi IND"]
[Date "2007.12.10"]
[Round "10"]
[White "Abhay,T"]
[Black "Prince,Ba"]
[Result "1-0"]
[WhiteElo "2237"]
[BlackElo "1983"]

1.e4 c5 2.Nf3 e6 3.d4 cxd4 4.Nxd4 Nc6 5.Nc3 Qc7 6.Be3 a6 7.Be2 Nf6 8.O-O Bb4
9.Na4 Be7 10.Nxc6 bxc6 11.Nb6 Rb8 12.Nxc8 Qxc8 13.Bd4 c5 14.Be5 Rb6 15.Qd3 d6
16.Bc3 d5 17.exd5 exd5 18.b3 O-O 19.Rad1 d4 20.Ba5 Rd6 21.Bf3 Nd5 22.Bxd5 Rxd5
23.Qe4 Qd7 24.Bd2 Bf6 25.Qd3 Qd6 26.Qf3 Be5 27.g3 Qd7 28.Rfe1 Bc7 29.Bc1 Ba5
30.Re2 f5 31.Bf4 Bc3 32.Qd3 Qb5 33.Re6 Qxd3 34.Rxd3 a5 35.Bd2 Bxd2 36.Rxd2 a4
37.Rc6 axb3 38.axb3 Rfd8 39.f4 g6 40.Kf2 Kf7 41.Ke2 R8d6 42.Rxd6 Rxd6 43.Kd3 Ke6
44.Kc4 Rc6 45.Re2+ Kd6 46.Re5 Rc8 47.Rd5+ Ke6 48.Rxc5 Rd8 49.Re5+ Kf6 50.Re2 g5
51.fxg5+ Kxg5 52.Rd2 h5 53.Rxd4 Kf6 54.Kd3 Rh8 55.b4 Rb8  1-0

[Event "It"]
[Site "Podgorica MNE"]
[Date "2007.12.10"]
[Round "2"]
[White "Nikac,P"]
[Black "Podlesnik,B"]
[Result "1-0"]
[WhiteElo "2356"]
[BlackElo "2401"]

1.e4 c5 2.Nc3 e6 3.Nf3 Nc6 4.d4 cxd4 5.Nxd4 Nf6 6.Be2 Bb4 7.Qd3 d5 8.Nxc6 bxc6
9.O-O O-O 10.e5 Nd7 11.Qg3 f5 12.exf6 Nxf6 13.Bf4 Bxc3 14.Qxc3 Ne4 15.Qxc6 Bd7
16.Qc7 Qxc7 17.Bxc7 Rac8 18.Be5 Rxc2 19.Bf3 Rxf3 20.gxf3 Nd2 21.f4 Nxf1 22.Kxf1 Kf7
23.Re1 Bb5+ 24.Kg2 Be2 25.f3 h6 26.Kf2 Bc4+ 27.Kg3 a6 28.a3 Bd3 29.Re3 Bf1
30.Re1 Be2 31.h4 h5 32.f5 exf5 33.Kf4 g6 34.Bc3 Ke6 35.Rg1 Kf7 36.Re1 Bc4
37.Re3 Rh2 38.Kg5 Bb5 39.Re5 Bc6 40.Re3 Bd7 41.Be5 Rg2+ 42.Kf4 Rd2 43.Rb3 Bb5
44.a4 Bxa4 45.Rb6 d4 46.Rxa6 Bc2 47.Rf6+ Ke7 48.Rxg6 d3 49.Bc3 Rh2 50.Kg3 Rh1
51.Bb4+ Kd7 52.Rd6+ Kc7 53.Rd4 Kc6 54.Bd2 Rb1 55.Bc3 Rd1 56.Kf4 Rg1 57.Ke5 Rg3
58.Rf4 Kc5 59.Rxf5 d2 60.Bxd2 Bxf5 61.Kxf5 Rxf3+ 62.Kg6 Kd5 63.Kxh5 Rf2 64.Bc3 Rg2
65.Kh6 Ke6 66.h5 Kf7 67.Bd4 Ke6 68.Kh7 Kf5 69.Bg7 Rh2 70.h6 Kg5 71.b4 Rh4
72.Bf8 Rd4 73.Kg8 Rxb4 74.h7 Rh4 75.Be7+  1-0

[Event "XVII Magistral"]
[Site "Elgoibar ESP"]
[Date "2007.12.11"]
[Round "3"]
[White "Paunovic,D"]
[Black "Larino Nieto,D"]
[Result "1-0"]
[WhiteElo "2535"]
[BlackElo "2428"]

1.Nf3 c5 2.e4 e6 3.d4 cxd4 4.Nxd4 Nc6 5.Nc3 a6 6.g3 Nxd4 7.Qxd4 Qf6 8.Qxf6 gxf6
9.Na4 Bb4+ 10.c3 Ba5 11.Be3 d6 12.O-O-O Bd7 13.Nb6 Bxb6 14.Bxb6 Bc6 15.Bg2 Ne7
16.Rxd6 f5 17.Re1 O-O 18.Bc5 Rfc8 19.Rd2 Ng6 20.Bd6 Rd8 21.Bh1 fxe4 22.Bxe4 Bxe4
23.Rxe4 Rd7 24.Red4 Rad8 25.Bc5 Rxd4 26.Bxd4 f5 27.f4 Kf7 28.Kc2 h5 29.Be5 Rxd2+
30.Kxd2 Ke7 31.c4 Kd7 32.Kc3 Kc6 33.Kd4 Nf8 34.Bf6 Ng6 35.b4 b5 36.Kc3 Nf8
37.Kb3 Nd7 38.Bd4 Kb7 39.a4 Kc6 40.Kc3 bxa4 41.Kb2 Nf8 42.Ka3 Ng6 43.Kxa4 h4
44.Ka5 Kb7 45.Bf6 hxg3 46.hxg3 Nf8 47.c5 Nd7 48.Be5 Nf8 49.c6+ Kxc6 50.Kxa6 Nd7
51.b5+ Kc5 52.Bc7 Nf6 53.b6 Kc6 54.Ka7 Nd7 55.Bd8 Nc5 56.Be7 Nd7 57.b7 Kc7
58.Bb4  1-0

[Event "It"]
[Site "Podgorica MNE"]
[Date "2007.12.11"]
[Round "3"]
[White "Kalezic,B"]
[Black "Rajkovic,Du"]
[Result "0-1"]
[WhiteElo "2392"]
[BlackElo "2522"]

1.e4 c5 2.Nf3 Nc6 3.Nc3 e6 4.d4 cxd4 5.Nxd4 Qc7 6.Be2 a6 7.O-O Nf6 8.Kh1 h5
9.Nxc6 bxc6 10.f4 d5 11.e5 Ng4 12.Bxg4 hxg4 13.Qxg4 g6 14.Be3 Bb7 15.Rab1 c5
16.Bg1 Bc6 17.Rfe1 Be7 18.a3 Rb8 19.b3 Rh4 20.Qg3 Rh5 21.Qg4 Qa5 22.Na4 d4
23.Nb2 Rh4 24.Qe2 Rxf4 25.Rf1 Re4 26.Qf2 Rg4 27.Nc4 Qc3 28.Qxf7+ Kd7 29.Rf3 Rxg2
30.Kxg2 Qxc2+ 31.Bf2 Qxb1 32.Bh4 Bxf3+ 33.Qxf3 Bxh4 34.Na5 Qc2+ 35.Kh3 Qc3  0-1

[Event "Warsaw-Buenos Aires-Kolkata Match"]
[Site "Warsaw POL"]
[Date "2007.12.11"]
[Round "1"]
[White "Brzeski,M"]
[Black "Lafuente,P"]
[Result "0-1"]
[WhiteElo "2307"]
[BlackElo "2489"]

1.e4 c5 2.Nf3 e6 3.d4 cxd4 4.Nxd4 Nc6 5.Nc3 Qc7 6.Be3 Nf6 7.f4 Bb4 8.Nb5 Qa5
9.e5 Nd5 10.Bd2 Nxc3 11.Nxc3 O-O 12.Bd3 d5 13.Qh5 g6 14.Qh6 f5 15.h4 Nd8
16.Qg5 Nf7 17.Qg3 Bd7 18.h5 g5 19.a3 d4 20.axb4 Qxa1+ 21.Nd1 g4 22.Qh4 Rae8
23.O-O Qa2 24.Nf2 Qd5 25.Nxg4 fxg4 26.Qf6 Nxe5 27.Qg5+ Kh8 28.fxe5 Bc6 29.Qxg4 Rxf1+
30.Bxf1 Qxe5 31.c3 Rg8 32.Qh4 Rf8 33.cxd4 Qe4 34.Qe7 Kg8 35.Qg5+ Kf7 36.Be3 Rg8
37.Qf4+ Qxf4 38.Bxf4 Bf3 39.h6 Be4 40.Kf2 Rc8 41.Ke3 Rc1 42.Be2 Bxg2 43.Bd3 Kg8
44.b5 Rc8 45.Bd6 Bd5 46.Kf4 Rc1 47.Bb8 Rh1 48.Kg5 Rd1 49.Be2 Rxd4 50.Bh5 Rd2
51.Kf6 Rf2+ 52.Ke7 Rf5 53.Be8 e5 54.Bxa7 e4 55.Kd6 Bf7 56.Bd7 Rf6+ 57.Ke7 Rxh6
58.Bc6 Re6+ 59.Kd7 e3 60.Bxb7 e2 61.Bf2 Rf6 62.Bh4 Rf4 63.Bg3 Rb4 64.Bc6 Bc4
65.Kd6 Rxb2 66.Kc5 Bd3 67.b6 Ba6 68.Bd5+ Kf8 69.Kc6 Rb1 70.Kc7 e1=Q  0-1

[Event "It"]
[Site "Podgorica MNE"]
[Date "2007.12.13"]
[Round "5"]
[White "Podlesnik,B"]
[Black "Rajkovic,Du"]
[Result "1/2-1/2"]
[WhiteElo "2401"]
[BlackElo "2522"]

1.e4 c5 2.Nf3 e6 3.d4 cxd4 4.Nxd4 Nc6 5.Nc3 Qc7 6.Be2 a6 7.f4 b5 8.Nxc6 Qxc6
9.Bf3 Bb7 10.Be3 Qc7 11.a3 d6 12.Qd4  1/2-1/2

[Event "ch-Hafnarfjordur"]
[Site "Reykjavik ISL"]
[Date "2007.12.14"]
[Round "3"]
[White "Bjornsson,Si"]
[Black "Bjornsson,Sv"]
[Result "1-0"]
[WhiteElo "2290"]
[BlackElo "2107"]

1.e4 c5 2.Nf3 e6 3.d4 cxd4 4.Nxd4 Nc6 5.Nc3 a6 6.g3 Qc7 7.Bg2 Nf6 8.O-O Nxd4
9.Qxd4 Bc5 10.Qd3 Ng4 11.h3 Ne5 12.Qe2 O-O 13.Kh2 d6 14.f4 Nc6 15.Qh5 Qa5
16.f5 Bd4 17.Bd2 g6 18.Qh4 exf5 19.exf5 Qd8 20.Bg5  1-0

[Event "ch-BRA"]
[Site "Rio de Janeiro BRA"]
[Date "2007.12.14"]
[Round "1"]
[White "Bittencourt,J"]
[Black "Diamant,A"]
[Result "0-1"]
[WhiteElo "2448"]
[BlackElo "2395"]

1.e4 c5 2.Nf3 e6 3.d4 cxd4 4.Nxd4 Nc6 5.Nc3 a6 6.Nxc6 bxc6 7.Bd3 d5 8.O-O Bd6
9.Qe2 Bb7 10.b3 Qc7 11.h3 Ne7 12.Na4 Ng6 13.c4 O-O 14.Qc2 dxe4 15.Bxe4 f5
16.Bd3 c5 17.f3 Nf4 18.Be3 Rf6 19.Rf2 Rg6 20.Kf1 Nh5 21.Rd1 Be7 22.g4 Ng3+
23.Ke1 Qe5  0-1

[Event "ch-Central Serbia"]
[Site "Vrnjacka Banja SRB"]
[Date "2007.12.14"]
[Round "7"]
[White "Chelushkina,I"]
[Black "Tosic,M"]
[Result "1-0"]
[WhiteElo "2351"]
[BlackElo "2422"]

1.e4 c5 2.Nf3 e6 3.d4 cxd4 4.Nxd4 Nc6 5.Nc3 Qc7 6.Be2 a6 7.O-O Nf6 8.Be3 d6
9.a4 Bd7 10.Nb3 Na5 11.Nd2 Be7 12.f4 O-O 13.Qe1 b5 14.axb5 Bxb5 15.Nxb5 axb5
16.Bxb5 d5 17.Bd3 Rfb8 18.Kh1 dxe4 19.Nxe4 Nd5 20.Bd4 Nc6 21.Rxa8 Rxa8 22.Be3 Ncb4
23.f5 Nxd3 24.cxd3 e5 25.Qg3 f6 26.Qf3 Bd8 27.g3  1-0

[Event "XVII Magistral"]
[Site "Elgoibar ESP"]
[Date "2007.12.15"]
[Round "8"]
[White "Miton,K"]
[Black "Larino Nieto,D"]
[Result "1-0"]
[WhiteElo "2628"]
[BlackElo "2428"]

1.d4 e6 2.Nf3 c5 3.e4 cxd4 4.Nxd4 Nc6 5.Nc3 a6 6.Nxc6 bxc6 7.Bd3 d5 8.O-O Nf6
9.Qf3 Bd6 10.Bg5 Qc7 11.Kh1 Nd7 12.Qh3 d4 13.Ne2 c5 14.b3 e5 15.Qg3 Nb6 16.c3 Bb7
17.cxd4 cxd4 18.Rac1 Qd7 19.f4 f6 20.fxe5 fxe5 21.Rf5 Qe6 22.Bf4 g6 23.Rxe5 Bxe5
24.Bxe5 O-O 25.Nxd4 Rac8 26.Re1 Qd7 27.Nf5 Rfd8 28.Rf1  1-0

[Event "SVDB IM Norm"]
[Site "Eupen BEL"]
[Date "2007.12.15"]
[Round "9"]
[White "Ahn,M"]
[Black "Gulbas,C"]
[Result "0-1"]
[WhiteElo "2309"]
[BlackElo "2365"]

1.e4 c5 2.Nf3 e6 3.Nc3 Nc6 4.d4 cxd4 5.Nxd4 Qc7 6.Be3 a6 7.Bd3 Nf6 8.O-O Ne5
9.Nf3 Nfg4 10.Nxe5 Nxe3 11.Qh5 g6 12.Qf3 Qxe5 13.fxe3 f6 14.Qxf6 Qxf6 15.Rxf6 Bg7
16.Rf3 b5 17.Raf1 Rb8 18.e5 Bb7 19.Rf7 Bxe5 20.Rxh7 Rxh7 21.Bxg6+ Ke7 22.Bxh7 Rh8
23.Be4 Bxh2+ 24.Kf2 d5 25.Bf3 Be5 26.Ke2 b4 27.Nd1 a5 28.Kd2 Bg7 29.c3 e5
30.g4 e4 31.Be2 Rh3 32.Rf5 Rh2 33.Nf2 Bc8 34.Rf4 Be5 35.Ke1 bxc3 36.bxc3 Bxc3+
37.Kf1 Be5 38.Rf5 Bxf5 39.gxf5 Kd6 40.a4 Rh8 41.Kg2 Rf8 42.Bg4 Kc5 43.Kh3 Kb4
44.Kh4 Kxa4 45.Kg5 Kb4 46.Bh5 a4 47.Ng4 Bc3 48.f6 a3 49.Kg6 a2 50.Kg7 Rb8  0-1

[Event "XX Carlos Torre Magistral"]
[Site "Merida MEX"]
[Date "2007.12.15"]
[Round "1"]
[White "Arencibia Rodriguez,W"]
[Black "Caceres Cortes,J"]
[Result "1-0"]
[WhiteElo "2562"]
[BlackElo "2128"]

1.e4 c5 2.Nf3 e6 3.d4 cxd4 4.Nxd4 Nc6 5.Nc3 a6 6.Nxc6 bxc6 7.Bd3 d5 8.O-O Nf6
9.Qe2 Be7 10.Rd1 O-O 11.Na4 h6 12.c4 Qa5 13.b3 dxc4 14.Bxc4 Qe5 15.Be3 Qxe4
16.Nb6 Rb8 17.Nxc8 Rfxc8 18.Bxa6 Rd8 19.Bd3 Qh4 20.Rac1 Ng4 21.Bf4 Rb4 22.Bg3 Qg5
23.Bc4 Ra8 24.a4 Ra5 25.Rc3 Bf6 26.Rcd3 Ra8 27.h3 Ne5 28.f4  1-0

[Event "ch-RSA"]
[Site "Milnerton RSA"]
[Date "2007.12.15"]
[Round "3"]
[White "Klaasen,C"]
[Black "Cawdery,D"]
[Result "1/2-1/2"]
[WhiteElo "1982"]
[BlackElo "2254"]

1.e4 c5 2.Nf3 Nc6 3.Nc3 e6 4.d4 cxd4 5.Nxd4 Nf6 6.Nxc6 bxc6 7.e5 Nd5 8.Ne4 Qc7
9.f4 Qa5+ 10.c3 Be7 11.Bd3 O-O 12.Qe2 Qb6 13.a3 f5 14.Nf2 Bc5 15.Nd1 a5 16.c4 Ne7
17.b3 Bd4 18.Rb1 c5 19.Be3 Bxe3 20.Qxe3 Qc6 21.O-O Bb7 22.Rf2 d6 23.exd6 Qxd6
24.Nc3 Rad8 25.Bf1 Nc6 26.Nb5 Qe7 27.Re1 Bc8 28.g3 Nd4 29.Bg2 Rfe8  1/2-1/2

[Event "KNSB TCh-NED 2007-8"]
[Site "Netherlands NED"]
[Date "2007.12.15"]
[Round "5"]
[White "Middelburg,T"]
[Black "Goormachtigh,J"]
[Result "1-0"]
[WhiteElo "2398"]
[BlackElo "2245"]

1.e4 c5 2.Nf3 e6 3.d4 cxd4 4.Nxd4 Nc6 5.Nc3 Qc7 6.g3 a6 7.Bg2 Nf6 8.O-O Bc5
9.Nb3 Ba7 10.Kh1 h5 11.f4 d6 12.Qe2 Bd7 13.Bd2 Nd4 14.Nxd4 Bxd4 15.Qd3 e5
16.a4 Rc8 17.Ra3 h4 18.gxh4 Rxh4 19.Qg3 Rh7 20.Bf3 b5 21.axb5 axb5 22.Rb3 Kf8
23.Rc1 Rb8 24.Qg2 b4 25.Ne2 Bc5 26.c4 Bh3 27.Qg5 Qc6 28.Ng3 Re8 29.Rd3 Qa8
30.f5 Qa2 31.b3 Ra8 32.Nh5 Rxh5 33.Bxh5 Nxe4 34.Rxh3 Nxg5 35.Bxg5 Qb2 36.Bf3 f6
37.Bxa8 fxg5 38.Rf1 Qe2 39.Bg2 Ke7 40.f6+ gxf6 41.Rh7+ Ke8 42.Rxf6 Qd1+ 43.Rf1 Qxb3  1-0

[Event "It"]
[Site "Podgorica MNE"]
[Date "2007.12.15"]
[Round "7"]
[White "Nikac,P"]
[Black "Rajkovic,Du"]
[Result "0-1"]
[WhiteElo "2356"]
[BlackElo "2522"]

1.e4 c5 2.Nf3 e6 3.Nc3 Nc6 4.d4 cxd4 5.Nxd4 Qc7 6.Be2 a6 7.O-O Nf6 8.Kh1 Be7
9.f4 d6 10.Be3 O-O 11.Qe1 Bd7 12.Qg3 Rac8 13.Rad1 b5 14.e5 Ne8 15.Ne4 f5
16.exd6 Nxd6 17.Nc5 Ne4 18.Nxe4 fxe4 19.Bg4 Rf6 20.Nxc6 Qxc6 21.Bd4 Rg6 22.Qh3 Rxg4
23.Qxg4 e5 24.f5 exd4 25.Rxd4 Bf6 26.Rxe4 Bxb2 27.Rd1 Rf8 28.Re7 Bxf5 29.Qg3 Qxc2  0-1

[Event "5th Elizaveta Bykova Mem"]
[Site "Vladimir RUS"]
[Date "2007.12.15"]
[Round "2"]
[White "Mkrtchian,L"]
[Black "Vasilevich,I"]
[Result "1/2-1/2"]
[WhiteElo "2402"]
[BlackElo "2383"]

1.e4 c5 2.Nf3 e6 3.d4 cxd4 4.Nxd4 Nc6 5.Nc3 a6 6.Nxc6 bxc6 7.Bd3 d5 8.O-O Nf6
9.Re1 Be7 10.e5 Nd7 11.Qg4 g6 12.Na4 c5 13.c4 d4 14.b3 Bb7 15.Bf4 a5 16.Be4 Bxe4
17.Rxe4 Nb6 18.Nb2 a4 19.Ree1 Qc7 20.Nd3 O-O 21.Bg5 Bxg5 22.Qxg5 Rfb8 23.Rad1 Nd7
24.Nc1 axb3 25.axb3 Ra1 26.h4 Qd8 27.Qxd8+ Rxd8 28.Nd3 Rxd1  1/2-1/2

[Event "7th Amplico AIG Life"]
[Site "Warsaw POL"]
[Date "2007.12.15"]
[Round "1"]
[White "Buzun,M"]
[Black "Macieja,B"]
[Result "0-1"]
[WhiteElo "1867"]
[BlackElo "2606"]

1.e4 c5 2.Nf3 e6 3.d4 cxd4 4.Nxd4 Nc6 5.Nc3 Qc7 6.Be2 a6 7.O-O Nf6 8.Be3 Bb4
9.Nxc6 bxc6 10.f3 d5 11.exd5 cxd5 12.Na4 Bd6 13.Nb6 Bc5 14.Nxa8 Bxe3+ 15.Kh1 Qc6
16.Qd3 Ba7 17.Qa3 Qxa8 18.Bxa6 Bxa6 19.Qxa6 O-O 20.Qd3 Qb7 21.Rab1 e5 22.b4 e4
23.Qe2 Rc8 24.b5 Bb6 25.a4 h6 26.Qd2 e3 27.Qe1 Qa7 28.Ra1 Ba5 29.Qe2 d4 30.Rfd1 Nd5
31.Qd3 Nb4 32.Qf5 Rxc2 33.Rac1 e2 34.Re1 d3 35.Rxc2 Nxc2  0-1

[Event "7th Amplico AIG Life"]
[Site "Warsaw POL"]
[Date "2007.12.15"]
[Round "1"]
[White "Makosa,S"]
[Black "Ganguly,S"]
[Result "0-1"]
[WhiteElo "1862"]
[BlackElo "2585"]

1.e4 c5 2.Nf3 e6 3.d4 cxd4 4.Nxd4 Nc6 5.Nc3 Qc7 6.Be3 a6 7.Be2 Nf6 8.O-O Be7
9.Kh1 O-O 10.Qd2 d6 11.f4 Rb8 12.a4 Re8 13.Rad1 Bd7 14.Nxc6 Bxc6 15.Bd3 b5
16.axb5 axb5 17.e5 dxe5 18.fxe5 Nd7 19.Qe2 Qxe5 20.Qf2 Qf6 21.Qe2 Qe5 22.Qf2 Qh5
23.Be2 Qf5 24.Qxf5 exf5 25.Rxf5 Bf6 26.Bf4 Bxc3 27.Bxb8 Rxe2 28.bxc3 Rxg2
29.Rd6 Ba8 30.Ra6 Be4 31.Rf4 Bd5 32.Rd4 Rg5+ 33.Rxd5 Rxd5 34.Rd6 Rxd6 35.Bxd6 f5
36.Kg2 Kf7 37.Kf3 Ke6 38.Bf4 Nb6 39.Be3 Nd5 40.Bd4 g5 41.h3 h5 42.Bh8 f4
43.Bg7 Kf5 44.Bd4 g4+ 45.hxg4+ hxg4+ 46.Kf2 Nf6 47.Kg2 Ne4 48.Bg7 f3+ 49.Kf1 g3
50.Kg1 Nd2  0-1

[Event "7th Amplico AIG Life"]
[Site "Warsaw POL"]
[Date "2007.12.15"]
[Round "2"]
[White "Vovk,Y"]
[Black "Kuciel,W"]
[Result "1-0"]
[WhiteElo "2561"]
[BlackElo "2149"]

1.e4 c5 2.Nf3 e6 3.d4 cxd4 4.Nxd4 Nc6 5.Nc3 a6 6.Nxc6 bxc6 7.Bd3 d5 8.O-O d4
9.Na4 Qa5 10.c3 Nf6 11.Re1 c5 12.Bd2 Bd7 13.b3 Bxa4 14.cxd4 Qd8 15.bxa4 cxd4
16.a5 Be7 17.e5 Nd5 18.Qa4+ Qd7 19.Qxd4 O-O 20.Rab1 Rab8 21.Rb3 g6 22.Bxa6 Rfd8
23.Qe4 Rb4 24.Bf1 Rbb8 25.Bg5 Bc5 26.Qh4 Rxb3 27.axb3 Rb8 28.Qa4 Qa7 29.Bh4 Bb4
30.Ra1 Qd4 31.a6 Nc3 32.a7 Ra8 33.Qa6 Bc5 34.Bg3 Rxa7 35.Qc8+ Kg7 36.Rxa7 Bxa7
37.Qc4 Qxc4 38.Bxc4 Ne4 39.Kf1 Bd4 40.f4 Kf8 41.Ke2 Ke7 42.Kd3 Bc5 43.Kxe4 f5+
44.Kf3 h6 45.Ke2 Kd7 46.Kd3 h5 47.Ke2 h4 48.Kf3 Ba3 49.Bb5+ Ke7 50.Bc6 Bc5
51.Ke2 Bb4 52.Kd3 Ba3 53.Kd2 Kd8 54.Ba4 Kc7 55.Be8 Bb4+ 56.Kd3 Ba3 57.Bf7 Kd7
58.Ke3 Bc1+ 59.Kf3 Bd2 60.Bg8 Bb4 61.Ke3 Ba3 62.Kd2 Bb4+ 63.Kc2 Bc5 64.Kd3 Ba3
65.Ke3 Bc1+ 66.Kf3 Ba3  1-0

[Event "7th Amplico AIG Life"]
[Site "Warsaw POL"]
[Date "2007.12.15"]
[Round "3"]
[White "Daulyte,D"]
[Black "Shkuran,D"]
[Result "0-1"]
[WhiteElo "2222"]
[BlackElo "2429"]

1.e4 c5 2.Nf3 e6 3.d4 cxd4 4.Nxd4 Nc6 5.Nc3 a6 6.Be2 Qc7 7.O-O Nf6 8.Kh1 Bb4
9.Qd3 O-O 10.Bg5 Be7 11.f4 d6 12.Nxc6 bxc6 13.Qg3 Ne8 14.Bxe7 Qxe7 15.Bd3 a5
16.Rad1 Ba6 17.Bxa6 Rxa6 18.Qd3 Rb6 19.b3 d5 20.f5 Rb4 21.a3 Rb7 22.a4 Rb4
23.exd5 exd5 24.Rde1 Qf6 25.Ne2 Re4 26.Ng3 Rxe1 27.Rxe1 Nd6 28.c4 dxc4 29.bxc4 g6
30.fxg6 hxg6 31.Ne4 Nxe4 32.Qxe4 Rd8 33.h3 Rd4 34.Qe8+ Kg7 35.Qa8 Qf2 36.Qxa5 Rxc4
37.Qe5+ Kh7 38.a5 Rc5 39.Qa1 Rc2 40.Rg1 Ra2 41.Qe5 c5 42.Qc3 Rc2 43.Qe5 c4
44.a6 Ra2 45.Qc3 Qe2 46.Qf6 Kg8 47.Qd8+ Kh7 48.Qc7 Qe6 49.a7 Qd5 50.Kh2 Kg7
51.Kh1 Ra3 52.Kh2 Ra2 53.Kh1 Qe4 54.Kh2 g5 55.Qc5 Qf4+ 56.Kh1 g4 57.Qc8 Rxa7
58.Qxg4+ Qxg4 59.hxg4 c3 60.Rc1 Rc7 61.Kg1 Kg6 62.Kf2 Kg5 63.Kf3 c2 64.Kg3 Rc3+
65.Kf2 Kxg4 66.Ke2 Kg3 67.Kf1 f5 68.Kg1 Rd3  0-1

[Event "7th Amplico AIG Life"]
[Site "Warsaw POL"]
[Date "2007.12.15"]
[Round "4"]
[White "Bindrich,F"]
[Black "Pileckis,E"]
[Result "1/2-1/2"]
[WhiteElo "2512"]
[BlackElo "2349"]

1.e4 c5 2.Nf3 Nc6 3.Nc3 e6 4.d4 cxd4 5.Nxd4 Nf6 6.Ndb5 d6 7.Bf4 e5 8.Bg5 a6
9.Na3 b5 10.Nd5 Be7 11.Bxf6 Bxf6 12.c3 Bg5 13.Nc2 Ne7 14.a4 bxa4 15.Ncb4 O-O
16.Qxa4 Nxd5 17.Nxd5 Bd7 18.Qa2 a5 19.Bc4 a4 20.O-O Kh8 21.Nb4 Qc7 22.Bxf7 Bb5
23.c4 Qa5 24.cxb5 Qxb4 25.Bd5 Ra7 26.Bc6 Bd8 27.Qa3 Qxa3 28.bxa3 Bb6 29.g3 Raf7
30.Ra2 Rf3 31.Kg2 g6 32.h4 Kg7 33.Bd5 Bc5 34.Bc4 Bxa3 35.b6 Rc3 36.Bd5 Bc5
37.b7 a3 38.Rb1 Rb8 39.Rb5 Rd3 40.Bc6 Kf6 41.Ra5 Rb3 42.Ra8 R3xb7 43.Bxb7 Rxb7
44.g4 Rb3 45.g5+ Kg7 46.Rc8 Rb7 47.Kg3 Rf7 48.Rb8 h5 49.Ra8 Rb7 50.Kg2 Rf7
51.R8xa3 Rd7 52.Ra8 d5 53.exd5 Rxd5 54.R8a7+ Kf8 55.R7a4 Rd3 56.Re4 Rd5 57.Kf3 Kf7
58.Rea4 Ke6 59.Ke4 Rd6  1/2-1/2